000 00569nam a2200229Ia 4500
005 20260320201402.0
008 008 262003s9999 xx 000 0 eng d
037 _aEBOOK
040 _aCRL
040 _beng
040 _cCRL
041 _2eng
041 _aeng
084 _qCRL
100 _aRasskin-Gutman
_91134953
245 0 _aChess Metaphors: Artificial Intelligence and the Human Mind
260 _bIEEE
856 _uhttps://ieeexplore.ieee.org/servlet/opac?bknumber=6267362
942 _cEBOOK
999 _c1720934
_d1720934